000 00348nam a2200133Ia 4500
008 210210b1977 xxu||||| |||| 00| 0 eng d
082 _a891 WINS
100 _aWINTERNITZ (M)
245 _aSome problems of Indian literature
260 _aN D
_bBharatiya Book Corporation
_c1977
300 _aii,130
690 _aIndian Literature
906 _a044150
999 _c93914
_d93914